Statistics for Stranger Things Actors

Click here to take the quiz!

General Stats

  • This quiz has been taken 135 times
  • The average score is 18 of 19

Answer Stats

ActorAnswer% Correct
Finn WolfhardMike Wheeler
100%
Natalia DyerNancy Wheeler
99%
Gaten MatarazzoDustin Henderson
98%
David HarbourJim Hopper
98%
Winona RyderJoyce Byers
98%
Millie Bobby BrownEleven
97%
Caleb McLaughlinLucas Sinclair
97%
Sadie SinkMax Mayfield
97%
Noah SchnappWill Byers
97%
Dacre MontgomeryBilly Hargrove
95%
Charlie HeatonJonathan Byers
95%
Maya HawkeRobin Buckley
94%
Joe KeerySteve Harrington
94%
Priah FergusonErica Sinclair
91%
Cara BuonoKaren Wheeler
86%
Sean AstinBob Newby
83%
Shannon PurserBarb Holland
78%
Matthew ModineDr. Martin Brenner
78%
Alec UtgoffAlexei
74%

Score Distribution

Percentile by Number Answered

Percent of People with Each Score

Your Score History

You have not taken this quiz